[Event "Lipetsk Summer op"]
[Site "Lipetsk"]
[Date "2010.07.13"]
[Round "4"]
[White "Lomovskih, Alexey"]
[Black "Krutikov, Ilya"]
[Result "1-0"]
[WhiteElo "1913"]
[BlackElo "1915"]
[PlyCount "99"]
[EventDate "2010.07.10"]
[EventType "swiss"]
[EventRounds "9"]
[EventCountry "RUS"]
[SourceTitle "EXT 2022"]
[Source "ChessBase"]
[SourceDate "2021.10.06"]
[SourceVersion "1"]
[SourceVersionDate "2021.10.06"]
[SourceQuality "1"]

1. e4 e5 2. Nf3 Nc6 3. Bb5 a6 4. Ba4 Nf6 5. 0-0 Be7 6. Re1 b5 7. Bb3 d6 8. c3 0-0 9. h3 Na5 10. Bc2 d5 11. exd5 e4 12. Bxe4 Nxe4 13. Rxe4 Bb7 14. d4 Re8 15. Bf4 Nc4 16. b3 Nb6 17. Qd3 Nxd5 18. Bh2 Nf6 19. Re1 c5 20. Nbd2 cxd4 21. cxd4 Bb4 22. Rxe8+ Qxe8 23. a3 Bxd2 24. Nxd2 Qd7 25. b4 Qd5 26. f3 Rc8 27. Nb3 Rc4 28. Rd1 Bc8 29. Qd2 h6 30. Na5 Be6 31. Nxc4 Qxc4 32. Rc1 Qb3 33. Qc3 Qa2 34. Qa1 Qd2 35. Qc3 Qa2 36. Ra1 Qe2 37. Re1 Qa2 38. Be5 Nd5 39. Qd3 g6 40. Bg3 Bf5 41. Qe2 Qxa3 42. Qe8+ Kg7 43. Be5+ f6 44. Bxf6+ Kxf6 45. Qf8+ Kg5 46. Qd8+ Nf6 47. h4+ Kh5 48. Qxf6 Qd3 49. g4+ Bxg4 50. fxg4+ 1-0

[Event "Lipetsk King's Gambit 2nd"]
[Site "Lipetsk"]
[Date "2008.07.17"]
[Round "9"]
[White "Geranichev, Mikhail"]
[Black "Krutikov, Ilya"]
[Result "1-0"]
[WhiteElo "1813"]
[BlackElo "1898"]
[PlyCount "103"]
[EventDate "2008.07.08"]
[EventType "swiss"]
[EventRounds "9"]
[EventCountry "RUS"]
[SourceTitle "EXT 2022"]
[Source "ChessBase"]
[SourceDate "2021.10.06"]
[SourceVersion "1"]
[SourceVersionDate "2021.10.06"]
[SourceQuality "1"]

1. e4 e6 2. d4 d5 3. Nd2 Nf6 4. e5 Nfd7 5. Bd3 c5 6. c3 Nc6 7. Ne2 cxd4 8. cxd4 f6 9. Nf4 Nxd4 10. Qh5+ Ke7 11. Ng6+ hxg6 12. exf6+ Nxf6 13. Qxh8 Kf7 14. 0-0 e5 15. Nb3 Nxb3 16. axb3 Bf5 17. Bxf5 gxf5 18. Bg5 a6 19. Bxf6 Kxf6 20. Rac1 Bd6 21. Qh4+ Kf7 22. Qh5+ Kf6 23. g4 fxg4 24. Qxg4 e4 25. Rc3 Be5 26. Rg3 Ke7 27. Qg5+ Bf6 28. Qe3 Qd6 29. f3 Kf8 30. fxe4 Re8 31. Qg5 Re7 32. Qxd5 Qxd5 33. exd5 Rd7 34. Rd3 Ke7 35. Rfd1 Bxb2 36. d6+ Kf7 37. Kf2 Be5 38. h3 Ke6 39. Kf3 Rxd6 40. Rxd6+ Bxd6 41. Ke4 a5 42. Rd5 b6 43. h4 Be7 44. h5 Bf6 45. Rb5 Bd8 46. Re5+ Kd6 47. Kf5 Bc7 48. Re6+ Kc5 49. Re7 Bd6 50. Rxg7 Bf8 51. h6 Kb4 52. Rg4+ 1-0

[Event "Lipetsk King's Gambit 2nd"]
[Site "Lipetsk"]
[Date "2008.07.16"]
[Round "8"]
[White "Krutikov, Ilya"]
[Black "Dulin, Anatoliy"]
[Result "1-0"]
[WhiteElo "1898"]
[BlackElo "2002"]
[PlyCount "124"]
[EventDate "2008.07.08"]
[EventType "swiss"]
[EventRounds "9"]
[EventCountry "RUS"]
[SourceTitle "EXT 2022"]
[Source "ChessBase"]
[SourceDate "2021.10.06"]
[SourceVersion "1"]
[SourceVersionDate "2021.10.06"]
[SourceQuality "1"]

1. d4 e6 2. c4 Nf6 3. Nc3 d5 4. Bg5 Be7 5. e3 0-0 6. Nf3 Nbd7 7. Rc1 c6 8. Bd3 dxc4 9. Bxc4 Nd5 10. Bxe7 Qxe7 11. 0-0 N5b6 12. Bd3 e5 13. Re1 h6 14. dxe5 Nxe5 15. Nxe5 Qxe5 16. f4 Qf6 17. Qf3 Be6 18. f5 Bd5 19. Nxd5 Nxd5 20. e4 Qd4+ 21. Kh1 Nb4 22. Bb1 Rae8 23. Qb3 Qb6 24. a3 Na6 25. Qc3 Nc7 26. e5 Nd5 27. Qg3 f6 28. e6 Qxb2 29. Rc4 Re7 30. Rh4 Kh8 31. h3 Rd8 32. Kh2 Qc3 33. Qf2 Kg8 34. Ba2 Qxa3 35. Bxd5 Rxd5 36. Re3 Qd6+ 37. Rg3 Rd3 38. Rhg4 b5 39. Rf4 Rxg3 40. Kxg3 c5 41. Kh4 c4 42. Rd4 Qc7 43. Rd5 Qb7 44. Qc5 a6 45. Kh5 Kh7 46. g4 Rc7 47. Qd4 c3 48. Rc5 b4 49. Rxc7 Qxc7 50. Qd7 Qxd7 51. exd7 c2 52. d8Q c1Q 53. h4 Qc4 54. Qe8 Qg8 55. Qg6+ Kh8 56. g5 fxg5 57. hxg5 hxg5 58. Kg4 Qc4+ 59. Kf3 Qf4+ 60. Ke2 Qe5+ 61. Kf3 Qf6 62. Qe8+ Kh7 1-0

[Event "Lipetsk King's Gambit 2nd"]
[Site "Lipetsk"]
[Date "2008.07.14"]
[Round "6"]
[White "Krutikov, Ilya"]
[Black "Semenkov, Artem"]
[Result "0-1"]
[WhiteElo "1898"]
[BlackElo "2145"]
[PlyCount "72"]
[EventDate "2008.07.08"]
[EventType "swiss"]
[EventRounds "9"]
[EventCountry "RUS"]
[SourceTitle "EXT 2022"]
[Source "ChessBase"]
[SourceDate "2021.10.06"]
[SourceVersion "1"]
[SourceVersionDate "2021.10.06"]
[SourceQuality "1"]

1. d4 Nf6 2. c4 g6 3. Nc3 Bg7 4. e4 d6 5. f4 0-0 6. Nf3 c5 7. Be2 cxd4 8. Nxd4 Qb6 9. Nc2 Nc6 10. Rb1 h5 11. Be3 Qa5 12. b4 Qd8 13. h3 b6 14. Bf3 Bb7 15. 0-0 Ng4 16. hxg4 hxg4 17. Bxg4 Bxc3 18. b5 Na5 19. Bd4 Bxd4+ 20. Qxd4 Qc7 21. Ne3 e5 22. Qd3 exf4 23. Rxf4 d5 24. Rf6 dxc4 25. Qd4 Rad8 26. Nd5 Bxd5 27. exd5 Rd6 28. Be6 fxe6 29. Rxf8+ Kxf8 30. Qh8+ Ke7 31. Qg7+ Kd8 32. Qf8+ Kd7 33. Rf1 Qd8 34. dxe6+ Kxe6 35. Qf7+ Ke5 36. Qf4+ Kd5 0-1

[Event "Lipetsk-ch"]
[Site "Lipetsk"]
[Date "2008.03.28"]
[Round "9"]
[White "Semenkov, Alexander"]
[Black "Krutikov, Ilya"]
[Result "1-0"]
[WhiteElo "2146"]
[BlackElo "1816"]
[PlyCount "79"]
[EventDate "2008.03.20"]
[EventType "swiss"]
[EventRounds "9"]
[EventCountry "RUS"]
[SourceTitle "EXT 2022"]
[Source "ChessBase"]
[SourceDate "2021.10.06"]
[SourceVersion "1"]
[SourceVersionDate "2021.10.06"]
[SourceQuality "1"]

1. e4 e6 2. d3 d5 3. Nd2 c5 4. Ngf3 Nc6 5. g3 Nf6 6. Bg2 Be7 7. 0-0 b6 8. e5 Nd7 9. Re1 Bb7 10. c3 Qc7 11. Qe2 0-0-0 12. Nf1 h6 13. h4 Kb8 14. h5 Rdg8 15. Bd2 Ka8 16. Rac1 Qb8 17. Rb1 Qf8 18. a3 g5 19. g4 Qg7 20. b4 Re8 21. a4 f5 22. Bh3 Rhf8 23. a5 bxa5 24. b5 Ncb8 25. Ra1 Qf7 26. N1h2 Bd8 27. c4 Nb6 28. Rxa5 Nc8 29. Ra3 Bb6 30. Rea1 Qd7 31. Ba5 Bxa5 32. Rxa5 Qc7 33. Bg2 dxc4 34. Qa2 Qb6 35. Nd2 Bxg2 36. Nxc4 Qb7 37. Nd6 Bd5 38. Qa3 Qd7 39. Nxc8 Kb7 40. Nd6+ 1-0

[Event "Lipetsk-ch"]
[Site "Lipetsk"]
[Date "2008.03.23"]
[Round "4"]
[White "Malenkov, Yuriy"]
[Black "Krutikov, Ilya"]
[Result "1-0"]
[WhiteElo "1933"]
[BlackElo "1816"]
[PlyCount "57"]
[EventDate "2008.03.20"]
[EventType "swiss"]
[EventRounds "9"]
[EventCountry "RUS"]
[SourceTitle "EXT 2022"]
[Source "ChessBase"]
[SourceDate "2021.10.06"]
[SourceVersion "1"]
[SourceVersionDate "2021.10.06"]
[SourceQuality "1"]

1. d4 d5 2. c4 e6 3. g3 Nf6 4. Bg2 Be7 5. Nf3 0-0 6. 0-0 dxc4 7. Qc2 a6 8. Qxc4 b5 9. Qc2 Bb7 10. Bf4 Nd5 11. Bd2 Nd7 12. Nc3 Nb4 13. Qc1 c5 14. a3 Nd5 15. Qc2 Qb6 16. Bg5 f6 17. Nxd5 Bxd5 18. Be3 Rac8 19. Qd2 cxd4 20. Nxd4 Qb7 21. Bh3 f5 22. Rad1 Nc5 23. Nxf5 Rxf5 24. Bxf5 Nb3 25. Qd3 Rd8 26. Bxh7+ Kh8 27. Qg6 Bf6 28. Qh5 Qe7 29. Bg6+ 1-0